000 00569nam a2200217 i 4500
001 C2-0245151
003 PPAK
005 20180727210208.0
008 030308s io |||| ||||| | may d
040 _aPPAK
_beng
_cPPAK
_erda
082 0 4 _a303.3
_223
090 0 0 _a303.3
_bPIA
_dKIH
245 0 0 _aPantjatjita:
_bPiagam & Lambang Pantjatjita Daerah Istimewa Atjeh
264 1 _aAtjeh :
300 _a36 pages ;
_c16 cm
336 _2rdacontent
_atext
337 _2rdamedia
_aunmediated
338 _2rdacarrier
_avolume
650 1 0 _aUrban Policy
942 _ddc
_cB
999 _c59234
_d59234